000 00780nam a2200205 4500
001 148103
003 ES-MaACL
005 20251003063131.0
007 t|
008 070214s1946 sp r ||||1| spa d
100 0 _aStackelberg, Heinrich,
_cFreiherr von
_9107836
245 1 0 _aPrincipios de teoría económica /
_cHeinrich Stackelberg ; traducción de la primera edición alemana corregida y aumentada por José Antonio Piera Labra.
260 _aMadrid :
_bInstituto de Estudios Políticos,
_c1946.
300 _aXXIII, 376 p. ;
_c26 cm.
700 1 _aPiera Labra, José Antonio.
_991927
710 2 _aInstituto de Estudios Políticos (Madrid)
_94924
852 _aES-MaACL
_jB-10539
_bR.21975
852 _aES-MaACL
_jB-4684
_bR.23613
999 _c148103
_d148103